000 00920nam a22002657a 4500
001 BR8904313
003 BR-BrBNA
005 20230928093307.0
007 ta
008 230509b bl.||||| |||| 00| 0 por d
040 _aBR-BrBNA
_bpor
_cBiblioteca Nacional de Agricultura
041 _a(Por)
072 _aF02
_b3300
090 _ 3300 BR8904313
100 1 _aChalfum, N.N.J.
110 1 _aUniversidade Federal de Vicosa, MG (Brasil)
_0Tese (Doctor Scientiae)
245 1 _aFatores bioquimicos e fisiologicos no enraizamento de estacas de Hibiscus rosa-sinensis L.
260 3 _aVicosa, MG (Brasil):
_c1989.
300 _a85 p.
500 _a14 illus.; 17 tables; Bibliography p. 80-85 (74 ref.); Summaries (Eng, Por). (*) Documento disponível na(o) Universidade Federal de Vicosa, MG (Brazil)
650 _aMIMO DE VENUS
650 _aENRAIZAMENTO
909 _a202309
_bLucia
_c55
_dLucia Elande
942 _cBK
999 _c44138
_d44138